Statistics for Guess the flags of North Africa in 15 seconds

Click here to take the quiz!

General Stats

  • This quiz has been taken 12 times
  • The average score is 5 of 6

Answer Stats

Answer% Correct
Algeria
100%
Egypt
100%
Libya
100%
Morocco
100%
Sudan
80%
Tunisia
50%

Score Distribution

Percentile by Number Answered

Percent of People with Each Score

Your Score History

You have not taken this quiz